का धरिला परदेस (Record no. 1229034)

MARC details
000 -LEADER
fixed length control field 00579nam a2200181Ia 4500
008 - FIXED-LENGTH DATA ELEMENTS--GENERAL INFORMATION
fixed length control field 151121s9999||||xx |||||||||||||| ||und||
082 ## - DEWEY DECIMAL CLASSIFICATION NUMBER
Classification number 813/साळगा
082 ## - DEWEY DECIMAL CLASSIFICATION NUMBER
Item number HNW-37868
100 ## - MAIN ENTRY--PERSONAL NAME
Personal name साळगावकर शशिकला
245 ## - TITLE STATEMENT
Title का धरिला परदेस
260 ## - PUBLICATION, DISTRIBUTION, ETC. (IMPRINT)
Date of publication, distribution, etc --
300 ## - PHYSICAL DESCRIPTION
Extent 100
600 ## - SUBJECT ADDED ENTRY--PERSONAL NAME
Personal name साळगावकर शशिकला
630 ## - SUBJECT ADDED ENTRY--UNIFORM TITLE
Uniform title का धरिला परदेस
700 ## - ADDED ENTRY--PERSONAL NAME
Personal name साळगावकर शशिकला
730 ## - ADDED ENTRY--UNIFORM TITLE
Uniform title का धरिला परदेस
942 ## - ADDED ENTRY ELEMENTS (KOHA)
Koha item type Book
Holdings
Withdrawn status Lost status Damaged status Not for loan Home library Current library Date acquired Total Checkouts Full call number Barcode Date last seen Price effective from Koha item type
        Hirachand Nemchand Wachanalaya, Solapur Hirachand Nemchand Wachanalaya, Solapur 11/21/2015   HNW-37868 HNW-37868 11/21/2015 11/21/2015 Book